Kiev :a portrait, 1800-1917 / (Record no. 1278)

000 -LEADER
fixed length control field 01265nam a22003497a 4500
001 - CONTROL NUMBER
control field 3941778
003 - CONTROL NUMBER IDENTIFIER
control field OSt
005 - DATE AND TIME OF LATEST TRANSACTION
control field 20210426100726.0
008 - FIXED-LENGTH DATA ELEMENTS--GENERAL INFORMATION
fixed length control field 930127s1993 njua b 001 0 eng
010 ## - LIBRARY OF CONGRESS CONTROL NUMBER
LC control number 93016290
020 ## - INTERNATIONAL STANDARD BOOK NUMBER
International Standard Book Number 069103253X (alk. paper)
040 ## - CATALOGING SOURCE
Original cataloging agency DLC
Transcribing agency DLC
Modifying agency DLC
Language of cataloging eng
041 ## - LANGUAGE CODE
Language code of text/sound track or separate title eng
043 ## - GEOGRAPHIC AREA CODE
Geographic area code e-ur-un
050 00 - LIBRARY OF CONGRESS CALL NUMBER
Classification number DK508.935
Item number .H36 1993
080 ## - UNIVERSAL DECIMAL CLASSIFICATION NUMBER
Universal Decimal Classification number 94
Item number H-20
082 00 - DEWEY DECIMAL CLASSIFICATION NUMBER
Classification number 947/.714
Edition number 20
100 1# - MAIN ENTRY--PERSONAL NAME
Personal name Hamm, Michael F.
245 00 - TITLE STATEMENT
Title Kiev :a portrait, 1800-1917 /
Remainder of title Michael F. Hamm.
Statement of responsibility, etc. / by: Princeton University Press
260 ## - PUBLICATION, DISTRIBUTION, ETC.
Place of publication, distribution, etc. Princeton, N.J.
Name of publisher, distributor, etc. Princeton University Press
Date of publication, distribution, etc. c1993.
300 ## - PHYSICAL DESCRIPTION
Extent xvii, 304 p.
Other physical details ill.
Dimensions 25 cm.
365 ## - TRADE PRICE
Price amount 29.95 usd
504 ## - BIBLIOGRAPHY, ETC. NOTE
Bibliography, etc. note Includes bibliographical references (p. [237]-286) and index.
650 #0 - SUBJECT ADDED ENTRY--TOPICAL TERM
9 (RLIN) 252
Topical term or geographic name entry element History
651 #0 - SUBJECT ADDED ENTRY--GEOGRAPHIC NAME
Geographic name Kyïv (Ukraine)
General subdivision History.
653 ## - INDEX TERM--UNCONTROLLED
Uncontrolled term ისტორია
856 42 - ELECTRONIC LOCATION AND ACCESS
Materials specified Publisher description
Uniform Resource Identifier <a href="http://www.loc.gov/catdir/description/prin031/93016290.html">http://www.loc.gov/catdir/description/prin031/93016290.html</a>
856 41 - ELECTRONIC LOCATION AND ACCESS
Materials specified Table of contents
Uniform Resource Identifier <a href="http://www.loc.gov/catdir/toc/prin031/93016290.html">http://www.loc.gov/catdir/toc/prin031/93016290.html</a>
906 ## - LOCAL DATA ELEMENT F, LDF (RLIN)
a 7
b cbc
c orignew
d 1
e ocip
f 19
g y-gencatlg
942 ## - ADDED ENTRY ELEMENTS (KOHA)
Source of classification or shelving scheme
Koha item type Books
Holdings
Withdrawn status Lost status Source of classification or shelving scheme Damaged status Not for loan Permanent location Current location Date acquired Inventory number Total Checkouts Full call number Barcode Date last seen Price effective from Koha item type
          Ken Walker International University Ken Walker International University 02/08/2021 1374   94 H-20 1374 02/08/2021 02/08/2021 Books

Powered by Koha